| 000 | 00000nam 2200000za 4500 |
| 001 | 9.836084 |
| 003 | CaOODSP |
| 005 | 20221107150820 |
| 007 | cr ||||||||||| |
| 008 | 170501s1981 onca #o f000 0 eng d |
| 040 | |aCaOODSP|beng |
| 043 | |an-cn--- |
| 086 | 1 |aR5-181/1981E-PDF |
| 100 | 1 |aBarber, L. S. |
| 245 | 10|aTechnical Services and Contracts Branch technical training program for Indian bands |h[electronic resource] : |bstatus report indicating course availability in 1981/82 / |cL.S. Barber. |
| 250 | |aSpecial ed. |
| 260 | |a[Ottawa?] : |bIndian and Northern Affairs Canada, Technical Services and Contracts, |c1981. |
| 300 | |a[13] p. : |bill. |
| 500 | |a"December 1, 1981." |
| 500 | |a"Training/Formation"--Cover. |
| 500 | |a"Report for discussion only." |
| 500 | |aIssued also in French under title: Direction des services techniques et des marchés programme de formation technique à l'intention des bandes indiennes : rapport sur les cours de formation disponibles en 1981-82. |
| 500 | |aDigitized edition from print [produced by Indigenous and Northern Affairs Canada]. |
| 520 | |a"The major objective of this paper is to inform Engineering and Architecture (E & A) regions and districts of the technical training courses for Indian bands that are available now from the Technical Services and Contracts (T.S. & C.) Branch for delivery to bands."--Objective. |
| 692 | 07|2gccst|aIndians |
| 692 | 07|2gccst|aTraining |
| 692 | 07|2gccst|aAboriginal programs |
| 710 | 1 |aCanada.|bIndian and Northern Affairs. |bTechnical Services and Contracts Branch. |
| 775 | 08|tDirection des services techniques et des marchés programme de formation technique à l'intention des bandes indiennes |w(CaOODSP)9.836085 |
| 856 | 40|qPDF|s2.91 MB|uhttps://publications.gc.ca/collections/collection_2017/aanc-inac/R5-181-1981-eng.pdf |
| 986 | |aEA-HQ-81-45 |